Tajribat ʻArabī fī al-Ḥizb al-Shuyūʻī. (Record no. 44946)

MARC details
000 -LEADER
fixed length control field 00599cam a22002411 4500
001 - CONTROL NUMBER
control field ne 61000159
003 - CONTROL NUMBER IDENTIFIER
control field DLC
005 - DATE AND TIME OF LATEST TRANSACTION
control field 20260227111733.0
008 - FIXED-LENGTH DATA ELEMENTS--GENERAL INFORMATION
fixed length control field 880902s1959 xx 000 0 ara
010 ## - LIBRARY OF CONGRESS CONTROL NUMBER
LC control number ne 61000159
035 ## - SYSTEM CONTROL NUMBER
System control number (OCoLC)23518291
040 ## - CATALOGING SOURCE
Original cataloging agency DLC
Transcribing agency MiU
Modifying agency DLC
042 ## - AUTHENTICATION CODE
Authentication code premarc
043 ## - GEOGRAPHIC AREA CODE
Geographic area code aw-----
050 00 - LIBRARY OF CONGRESS CALL NUMBER
Classification number HX380.5
Item number .Q3
100 1# - MAIN ENTRY--PERSONAL NAME
Personal name Qalʻajī, Qadrī.
245 10 - TITLE STATEMENT
Title Tajribat ʻArabī fī al-Ḥizb al-Shuyūʻī.
260 ## - PUBLICATION, DISTRIBUTION, ETC.
Date of publication, distribution, etc. [1959?]
300 ## - PHYSICAL DESCRIPTION
Extent 200 p.
Dimensions 21 cm.
500 ## - GENERAL NOTE
General note Romanized.
650 #0 - SUBJECT ADDED ENTRY--TOPICAL TERM
Topical term or geographic name entry element Communist parties
650 #0 - SUBJECT ADDED ENTRY--TOPICAL TERM
Topical term or geographic name entry element Communism
Geographic subdivision Middle East

No items available.

Powered by Koha